KOHA-Header-6

Artificial Intelligence using C (Record no. 6683)

000 -LEADER
fixed length control field 00256nam a2200109Ia 4500
100 ## - MAIN ENTRY--AUTHOR NAME
Personal name Schild, Herbert
245 #0 - TITLE STATEMENT
Title Artificial Intelligence using C
260 ## - PUBLICATION, DISTRIBUTION, ETC. (IMPRINT)
Place of publication USA
Name of publisher CRC
Year of publication 1987
300 ## - PHYSICAL DESCRIPTION
Number of Pages 412
942 ## - ADDED ENTRY ELEMENTS (KOHA)
Koha item type Books
Holdings
Withdrawn status Lost status Permanent Location Current Location Date acquired Full call number Accession Number Koha item type
    MAJU MAJU 2019-09-11 005.133 85 Books

Powered by Koha